000 00373nam a2200157Ia 4500
008 230917s9999||||xx |||||||||||||| ||und||
040 _e85621
_aMAIN
041 _aEnglish
082 _a658.8 C998M
100 _aCzinkota, Michael R
245 0 _aMarketing management
250 _a2nd ed.
260 _aNew Delhi
_bVikas
_c2002
300 _axxv, 598 p.
942 _cBK
999 _c113714
_d113714